[Event "Aarhus international"]
[Site "Aarhus"]
[Date "1992.??.??"]
[Round "5"]
[White "Kroll, Ove"]
[Black "Alkaersig, Ole"]
[Result "0-1"]
[WhiteElo "2330"]
[BlackElo "2260"]
[PlyCount "81"]
[EventDate "1992.??.??"]
[EventType "tourn"]
[EventRounds "9"]
[EventCountry "DEN"]
[EventCategory "3"]
[SourceTitle "EXT 1998"]
[Source "ChessBase"]
[SourceDate "1997.11.17"]

1. c4 e5 2. Nc3 d6 3. g3 g6 4. Bg2 Bg7 5. e4 Nc6 6. Nge2 Nh6 7. d3 O-O 8. Nd5
f5 9. Bd2 f4 10. f3 g5 11. g4 Nxg4 12. fxg4 Bxg4 13. h3 Bh5 14. Qc1 Bxe2 15.
Kxe2 f3+ 16. Kf2 fxg2+ 17. Kxg2 Rf4 18. Qd1 Rh4 19. Be1 Rh6 20. Ne3 Nd4 21. Bg3
Ne6 22. Nf5 Rg6 23. Qb3 Kh8 24. Raf1 b6 25. Qd1 Qd7 26. h4 Nf4+ 27. Kf2 g4 28.
h5 Rg5 29. h6 Bf6 30. Ke1 Rxf5 31. exf5 Qxf5 32. Bxf4 exf4 33. Qe2 f3 34. Qe4
Qxe4+ 35. dxe4 Re8 36. Kf2 Rxe4 37. Rh5 Bd4+ 38. Kg3 Be5+ 39. Kf2 Re2+ 40. Kg1
Rxb2 41. Rg5 0-1

[Event "Aarhus international"]
[Site "Aarhus"]
[Date "1992.??.??"]
[Round "6"]
[White "Kroll, Ove"]
[Black "Sobjerg, Erik"]
[Result "1/2-1/2"]
[WhiteElo "2330"]
[BlackElo "2320"]
[PlyCount "107"]
[EventDate "1992.??.??"]
[EventType "tourn"]
[EventRounds "9"]
[EventCountry "DEN"]
[EventCategory "3"]
[SourceTitle "EXT 1998"]
[Source "ChessBase"]
[SourceDate "1997.11.17"]

1. c4 e5 2. Nc3 Bb4 3. g3 Bxc3 4. dxc3 d6 5. Bg2 Ne7 6. Nf3 Nbc6 7. O-O f6 8.
Ne1 Be6 9. Qd3 Qd7 10. Nc2 Bh3 11. Qf3 Bg4 12. Qd3 Bh3 13. Bxh3 Qxh3 14. Qf3 h5
15. Qg2 Qe6 16. Ne3 h4 17. Nd5 O-O-O 18. e4 f5 19. Bg5 h3 20. Qf3 Rdf8 21. Bxe7
Nxe7 22. Nxe7+ Qxe7 23. exf5 Qf7 24. Qe4 Qxf5 25. Rae1 Qf3 26. Re3 Qxe4 27.
Rxe4 Rf5 28. Rg4 g5 29. f4 gxf4 30. gxf4 Rxf4 31. Rfxf4 exf4 32. Kf2 Kd7 33.
Kf3 Re8 34. Rxf4 Re1 35. Kg3 Re3+ 36. Kf2 Re7 37. Rh4 Rf7+ 38. Ke3 Re7+ 39. Kd2
Rg7 40. Rxh3 Rg2+ 41. Kc1 Kc6 42. Rh4 a5 43. a4 Kb6 44. Kb1 Rf2 45. Ka2 Re2 46.
Ka3 Re3 47. Rh5 Kc6 48. h4 Rh3 49. Rh7 Kb6 50. h5 c6 51. h6 Kc5 52. Kb3 Rh4 53.
Rxb7 Rxh6 54. Ra7 1/2-1/2

[Event "Aarhus international"]
[Site "Aarhus"]
[Date "1992.??.??"]
[Round "9"]
[White "Orso, Miklos"]
[Black "Alkaersig, Ole"]
[Result "1-0"]
[WhiteElo "2380"]
[BlackElo "2260"]
[PlyCount "35"]
[EventDate "1992.??.??"]
[EventType "tourn"]
[EventRounds "9"]
[EventCountry "DEN"]
[EventCategory "3"]
[SourceTitle "EXT 1998"]
[Source "ChessBase"]
[SourceDate "1997.11.17"]

1. d4 d6 2. g3 f5 3. Bg2 Nf6 4. Nc3 g6 5. d5 Bg7 6. Nh3 c6 7. Nf4 e5 8. dxe6
Na6 9. h4 Nc5 10. h5 gxh5 11. e4 Bxe6 12. Nxh5 Rg8 13. Nxf6+ Qxf6 14. Qxd6 Bf8
15. Qd1 Nxe4 16. Nxe4 fxe4 17. Bxe4 Bc5 18. Qh5+ 1-0

[Event "Aarhus international"]
[Site "Aarhus"]
[Date "1992.??.??"]
[Round "1"]
[White "Orso, Miklos"]
[Black "Feher, Gyula"]
[Result "1/2-1/2"]
[WhiteElo "2380"]
[BlackElo "2405"]
[PlyCount "26"]
[EventDate "1992.??.??"]
[EventType "tourn"]
[EventRounds "9"]
[EventCountry "DEN"]
[EventCategory "3"]
[SourceTitle "EXT 1998"]
[Source "ChessBase"]
[SourceDate "1997.11.17"]

1. d4 Nf6 2. c4 e6 3. Nc3 Bb4 4. Qc2 c5 5. Nf3 cxd4 6. Nxd4 Qc7 7. e3 a6 8. a3
Be7 9. Be2 b6 10. O-O Bb7 11. Bd2 d6 12. Rac1 Nbd7 13. b4 O-O 1/2-1/2

[Event "Aarhus international"]
[Site "Aarhus"]
[Date "1992.??.??"]
[Round "5"]
[White "Orso, Miklos"]
[Black "Burgess, Graham"]
[Result "1-0"]
[WhiteElo "2380"]
[BlackElo "2270"]
[PlyCount "123"]
[EventDate "1992.??.??"]
[EventType "tourn"]
[EventRounds "9"]
[EventCountry "DEN"]
[EventCategory "3"]
[SourceTitle "EXT 1998"]
[Source "ChessBase"]
[SourceDate "1997.11.17"]

1. d4 Nf6 2. Nf3 g6 3. c4 Bg7 4. Nc3 O-O 5. e4 d6 6. Be2 e5 7. O-O Na6 8. h3
exd4 9. Nxd4 Re8 10. Bf3 c6 11. Be3 Nc5 12. Qc2 Qe7 13. Rfe1 Qe5 14. Rad1 a5
15. Qd2 Nfd7 16. Nc2 Qe6 17. Na3 Be5 18. Bh6 Qf6 19. Bg5 Qh8 20. g3 Nb6 21. Bg2
Nba4 22. Nab1 Nxb2 23. Qxb2 Na4 24. Qc2 Nxc3 25. Nxc3 Bxc3 26. Rxd6 h6 27. Bd2
Be5 28. Rd3 Be6 29. Rb1 Re7 30. Bxa5 Rd7 31. Rxd7 Bxd7 32. Rxb7 Bxh3 33. Bxh3
Rxa5 34. Qd2 Ra8 35. Bf1 Qf6 36. Kg2 g5 37. Be2 Rd8 38. Rd7 Rxd7 39. Qxd7 Bd4
40. Bf3 Kg7 41. a4 Bb6 42. Qd2 Qe5 43. Qd3 Qa1 44. Qe2 Qe5 45. Bh5 Kf8 46. Qf3
f6 47. Qa3+ Bc5 48. Qd3 Qd4 49. Qxd4 Bxd4 50. f4 Ke7 51. Be2 Kd6 52. Kh3 Bf2
53. a5 Kc5 54. Kg4 Be1 55. a6 Kb6 56. e5 fxe5 57. fxe5 Kxa6 58. e6 Bb4 59. Kf5
Kb7 60. Kf6 Kc7 61. e7 Kd7 62. Bg4+ 1-0

[Event "Aarhus international"]
[Site "Aarhus"]
[Date "1992.??.??"]
[Round "3"]
[White "Orso, Miklos"]
[Black "Kristensen, Leif Sogaard"]
[Result "1/2-1/2"]
[WhiteElo "2380"]
[BlackElo "2275"]
[PlyCount "83"]
[EventDate "1992.??.??"]
[EventType "tourn"]
[EventRounds "9"]
[EventCountry "DEN"]
[EventCategory "3"]
[SourceTitle "EXT 1998"]
[Source "ChessBase"]
[SourceDate "1997.11.17"]

1. d4 Nf6 2. Nf3 g6 3. c4 Bg7 4. Nc3 O-O 5. e4 d6 6. Be2 e5 7. O-O Nc6 8. d5
Ne7 9. Ne1 Nd7 10. Be3 f5 11. f3 Kh8 12. a4 a5 13. Nd3 c5 14. dxc6 Nxc6 15. Nb5
fxe4 16. fxe4 Rxf1+ 17. Bxf1 Nf6 18. Nf2 Ne8 19. Qd2 Be6 20. Rd1 Bf8 21. Qc3
Qf6 22. Be2 h5 23. Rf1 Qg7 24. Qd2 Kh7 25. Nd1 Be7 26. Ndc3 Nb4 27. Nd5 Bxd5
28. cxd5 Bd8 29. h3 Rc8 30. Nc3 Nf6 31. Bf3 Na6 32. g4 Nc5 33. g5 Nfd7 34. Qe2
Kg8 35. Qb5 Qe7 36. h4 Bb6 37. Qe2 Rf8 38. Bg2 Rxf1+ 39. Bxf1 Qd8 40. Bh3 Kg7
41. Kg2 Nb3 42. Nb5 1/2-1/2

[Event "Aarhus international"]
[Site "Aarhus"]
[Date "1992.??.??"]
[Round "7"]
[White "Orso, Miklos"]
[Black "Kroll, Ove"]
[Result "1/2-1/2"]
[WhiteElo "2380"]
[BlackElo "2330"]
[PlyCount "80"]
[EventDate "1992.??.??"]
[EventType "tourn"]
[EventRounds "9"]
[EventCountry "DEN"]
[EventCategory "3"]
[SourceTitle "EXT 1998"]
[Source "ChessBase"]
[SourceDate "1997.11.17"]

1. Nf3 Nc6 2. d4 d5 3. g3 Bf5 4. Bg2 Nf6 5. c4 e6 6. O-O Be7 7. Nc3 Ne4 8. cxd5
exd5 9. Qb3 Nxc3 10. bxc3 Na5 11. Qa4+ c6 12. Ba3 Bxa3 13. Qxa3 Nc4 14. Qc1 Be4
15. Nd2 Bxg2 16. Kxg2 Nxd2 17. Qxd2 O-O 18. Qd3 Re8 19. c4 Re6 20. Rab1 dxc4
21. Qxc4 b5 22. Qd3 Qd5+ 23. Kg1 Qxa2 24. e4 Rd8 25. Rfd1 Red6 26. d5 Qc4 27.
Qxc4 bxc4 28. Rb7 cxd5 29. Rxd5 Rxd5 30. exd5 c3 31. Rxa7 Rc8 32. Ra1 Kf8 33.
Kf1 Ke7 34. Ke2 Kd6 35. Kd3 c2 36. Rc1 Kxd5 37. Rxc2 Rxc2 38. Kxc2 Kd4 39. Kd2
f5 40. Ke2 h6 1/2-1/2

[Event "Aarhus international"]
[Site "Aarhus"]
[Date "1992.??.??"]
[Round "1"]
[White "Sobjerg, Erik"]
[Black "Berg, Klaus"]
[Result "0-1"]
[WhiteElo "2320"]
[BlackElo "2385"]
[PlyCount "112"]
[EventDate "1992.??.??"]
[EventType "tourn"]
[EventRounds "9"]
[EventCountry "DEN"]
[EventCategory "3"]
[SourceTitle "EXT 1998"]
[Source "ChessBase"]
[SourceDate "1997.11.17"]

1. e4 c6 2. d4 d5 3. exd5 cxd5 4. c4 Nf6 5. Nc3 e6 6. Nf3 Bb4 7. Bd2 O-O 8. Rc1
Nc6 9. a3 Bxc3 10. Bxc3 dxc4 11. Bxc4 b6 12. O-O Bb7 13. Qe2 Nd5 14. Rfd1 Qd6
15. Ng5 Rad8 16. Qd3 g6 17. Ne4 Qe7 18. Bd2 f6 19. Bxd5 Rxd5 20. Rxc6 Bxc6 21.
Bb4 Qd8 22. Bxf8 Kxf8 23. Nc3 Rd6 24. Qc4 Qd7 25. h3 Kf7 26. f3 Bd5 27. Qd3 Qc6
28. Qe3 Kg7 29. Rc1 Qd7 30. Qf4 Bc6 31. Ne4 Bxe4 32. fxe4 g5 33. Qg3 Kg6 34. e5
Rxd4 35. exf6 Rd1+ 36. Rxd1 Qxd1+ 37. Kh2 Qd2 38. h4 h6 39. h5+ Kxf6 40. Qb3
Qf4+ 41. Kg1 Qc1+ 42. Kh2 Qf4+ 43. Kg1 g4 44. Qd3 g3 45. Qd8+ Kf5 46. Qd1 Kg5
47. Qd8+ Kxh5 48. Qe8+ Kh4 49. Qd8+ Qg5 50. Qd4+ Kh5 51. Qd1+ Qg4 52. Qd8 Qg5
53. Qd1+ Kg6 54. b4 a5 55. bxa5 bxa5 56. a4 Qc5+ 0-1

[Event "Aarhus international"]
[Site "Aarhus"]
[Date "1992.??.??"]
[Round "5"]
[White "Sobjerg, Erik"]
[Black "Jelling, Erik"]
[Result "1/2-1/2"]
[WhiteElo "2320"]
[BlackElo "2400"]
[PlyCount "44"]
[EventDate "1992.??.??"]
[EventType "tourn"]
[EventRounds "9"]
[EventCountry "DEN"]
[EventCategory "3"]
[SourceTitle "EXT 1998"]
[Source "ChessBase"]
[SourceDate "1997.11.17"]

1. e4 c6 2. d4 d5 3. f3 e6 4. Nc3 Nf6 5. e5 Nfd7 6. f4 c5 7. Nf3 Nc6 8. Be3
cxd4 9. Nxd4 Bc5 10. Qd2 Nxd4 11. Bxd4 Bxd4 12. Qxd4 Qb6 13. Nb5 Qxd4 14. Nxd4
Ke7 15. Bd3 Nc5 16. Kd2 Bd7 17. Raf1 g6 18. Rf2 Rag8 19. Rhf1 Be8 20. g3 h6 21.
h3 a6 22. c3 Bd7 1/2-1/2

[Event "Aarhus international"]
[Site "Aarhus"]
[Date "1992.??.??"]
[Round "8"]
[White "Sobjerg, Erik"]
[Black "Orso, Miklos"]
[Result "1/2-1/2"]
[WhiteElo "2320"]
[BlackElo "2380"]
[PlyCount "123"]
[EventDate "1992.??.??"]
[EventType "tourn"]
[EventRounds "9"]
[EventCountry "DEN"]
[EventCategory "3"]
[SourceTitle "EXT 1998"]
[Source "ChessBase"]
[SourceDate "1997.11.17"]

1. e4 c5 2. Nf3 d6 3. d4 cxd4 4. Nxd4 Nf6 5. Nc3 a6 6. Bc4 e6 7. O-O b5 8. Bb3
Bb7 9. Qf3 Nbd7 10. Re1 Rc8 11. Bg5 Ne5 12. Qh3 Nc6 13. Nxc6 Bxc6 14. Rad1 Bd7
15. e5 dxe5 16. Ne4 Be7 17. Bxf6 gxf6 18. Nd6+ Bxd6 19. Rxd6 Rc6 20. Rxc6 Bxc6
21. Bxe6 Rg8 22. g3 Qd2 23. Rf1 Qxc2 24. Bb3 Qe4 25. Qc8+ Ke7 26. Qc7+ Bd7 27.
Bxf7 Rc8 28. Qa7 Qa8 29. Qxa8 Rxa8 30. Bd5 Rd8 31. Rc1 Bh3 32. Bg2 Be6 33. h3
Bxa2 34. Ra1 Bc4 35. Rxa6 Rd1+ 36. Kh2 Rd2 37. Ra7+ Ke6 38. g4 Rxf2 39. Kg3
Rxb2 40. Rxh7 Bd3 41. Rh6 Kf7 42. h4 Bc4 43. g5 fxg5 44. hxg5 Rb3+ 45. Kf2 Rb2+
46. Kg3 Rd2 47. Rb6 Rd3+ 48. Kf2 Ke7 49. Be4 Rd6 50. Rb7+ Rd7 51. Rb6 Ra7 52.
Ke3 Ra1 53. g6 Rg1 54. Kf3 Rf1+ 55. Ke3 Rg1 56. Kf3 Kf8 57. Kf2 Rf1+ 58. Ke3
Kg7 59. Bd3 Re1+ 60. Kd2 Rg1 61. Bxc4 bxc4 62. Re6 1/2-1/2

[Event "Aarhus international"]
[Site "Aarhus"]
[Date "1992.??.??"]
[Round "7"]
[White "Sobjerg, Erik"]
[Black "Alkaersig, Ole"]
[Result "1-0"]
[WhiteElo "2320"]
[BlackElo "2260"]
[PlyCount "57"]
[EventDate "1992.??.??"]
[EventType "tourn"]
[EventRounds "9"]
[EventCountry "DEN"]
[EventCategory "3"]
[SourceTitle "EXT 1998"]
[Source "ChessBase"]
[SourceDate "1997.11.17"]

1. e4 e5 2. Nc3 Nf6 3. Nf3 Nc6 4. d4 Bb4 5. Nxe5 Nxe4 6. Qg4 Nxc3 7. Qxg7 Rf8
8. a3 Nxd4 9. axb4 Nxc2+ 10. Kd2 Nxa1 11. Kxc3 a5 12. bxa5 c5 13. Nc4 d5 14.
Qe5+ Qe7 15. Nd6+ Kd8 16. Nxf7+ Rxf7 17. Bg5 d4+ 18. Kd2 Nb3+ 19. Kd1 Rxa5 20.
Bxe7+ Rxe7 21. Qd6+ Ke8 22. Bc4 Ra1+ 23. Kc2 Rxh1 24. Kxb3 d3 25. Qxd3 Rxh2 26.
Qg3 Rh6 27. Qg8+ Kd7 28. Qd5+ Rd6 29. Bb5+ 1-0